Historia de la Nación Argentina. desde los orígenes hasta la organización definitiva en 1862 / Vol. I :
Guardado en:
| Otros Autores: | , , , , , , , , , |
|---|---|
| Formato: | Libro |
| Idioma: | Spanish |
| Publicado: |
Buenos Aires :
El Ateneo,
1961.
|
| Edición: | 3a. ed. |
| Materias: | |
| Etiquetas: |
Agregar Etiqueta
Sin Etiquetas, Sea el primero en etiquetar este registro!
|
| LEADER | 00978nam a2200277 a 4500 | ||
|---|---|---|---|
| 001 | DER.der015529 | ||
| 008 | 251117s1961####ag#abcogr#####001#0#spa## | ||
| 005 | 20251117183129.0 | ||
| 245 | 0 | 0 | |a Historia de la Nación Argentina. |n Vol. I : |b desde los orígenes hasta la organización definitiva en 1862 / |c producida por Academia Nacional de la Historia. |
| 250 | |a 3a. ed. | ||
| 260 | a | B | |a Buenos Aires : |b El Ateneo, |c 1961. |
| 300 | |a 407 p. | ||
| 505 | 0 | |a Tiempos prehistóricos y Protohistóricos | |
| 700 | 1 | |a Levene, Ricardo., |e dir. | |
| 700 | 1 | |a Frenguelli, Joaquín. | |
| 700 | 1 | |a Vignati, Milcíades Alejo. | |
| 700 | 1 | |a Imbelloni, José. | |
| 700 | 1 | |a Casanova, Eduardo. | |
| 700 | 1 | |a Márquez Miranda, Fernando. | |
| 700 | 1 | |a Wagner, Emilio R. | |
| 700 | 1 | |a Wagner, Duncan L. | |
| 700 | 1 | |a de Aparicio, Francisco. | |
| 700 | 1 | |a Palavecino, Enrique. | |
| 700 | 1 | |a Serrano, Antonio. | |
| 650 | 7 | |a HISTORIA ARGENTINA | |
| 859 | |a DERECHO |b BIB. DERECHO |h 982 |i ACA |p 0010135 |v I |3 Vol.I | ||
